000 00272nam a22001217a 4500
008 170519b xxu||||| |||| 00| 0 eng d
041 _aeng
080 _a94
100 _a16
101 _aSHH
245 _aKNOWLEDGE AND THE WEALTH OF NATIONS
_cWARSH, D
942 _2udc
_cBK
999 _c13587
_d13587